000 00878nam a2200229 i 4500
001 123712
003 ES-MaACL
005 20250716063301.0
007 t|
008 070214s1901 sp r ||||1| spa d
100 0 _aRamón Llull,
_cBeato,
_dca. 1232-1316?
_995219
245 1 0 _aLibro de la Orden de Caballería /
_cdel B. Raimundo Lulio ; traducido en lengua castellana.
260 _aBarcelona :
_bReal Academia de Buenas Letras,
_c1901.
300 _a78 p. ;
_c35 cm.
500 _aTexto en español y lemosín.
530 _aDisponible en formato digital.
650 0 4 _aCaballeros y caballería.
_910655
710 2 _aReial Acadèmia de Bones Lletres de Barcelona.
_9176228
852 _aES-MaACL
_jT-991-F-9
856 _uhttps://bvpb.mcu.es/es/consulta/registro.do?id=577722
_zBiblioteca Virtual del Patrimonio Bibliográfico
999 _c123712
_d123712